000 00231nam a22000857a 4500
008 170626b xxu||||| |||| 00| 0 eng d
100 _93707
_aMittal R. S
245 _aM C Q on pra science - X
260 _aNew Delhi
_bArya Publication
_c2009
999 _c7129
_d7129